Generatívne navrhovanie strojárskych súčiastok

Na minha lista:
Detalhes bibliográficos
Autor principal: Hrbáček, Lukáš (Author)
Outros Autores: Buranský, Ivan (Thesis advisor)
Formato: Manuscrito Livro
Idioma:eslovaco
Publicado em: 2021
Assuntos:
Acesso em linha:http://is.stuba.sk/zp/portal_zp.pl?podrobnosti=148272
Tags: Adicionar Tag
Sem tags, seja o primeiro a adicionar uma tag!

MARC

LEADER 00000ntm a22000003a 4500
001 stuzp84914
003 SK-STU
005 20210703212801.3
007 ta
008 150427s2015----xo-----f-mn---000-0-slo-d
040 |a STU  |b slo 
041 0 |a slo 
100 1 |a Hrbáček, Lukáš  |u 063000  |4 aut  |U MTF Materiálovotechnologická fakulta  |T MTF Ústav výrobných technológií  |X 96780  |U M3000  |Y 83  |7 96780 
242 0 1 |a Generative design of engineering components  |y eng 
245 1 0 |a Generatívne navrhovanie strojárskych súčiastok 
260 |c 2021 
650 4 |a generatívny dizajn  |2 slo 
650 4 |a CAx systémy  |2 slo 
650 4 |a CAD model  |2 slo 
650 4 |a navrhovanie súčiastok  |2 slo 
650 4 |a Fusion 360  |2 slo 
650 4 |a ojnica  |2 slo 
650 4 |a generative design  |2 eng 
650 4 |a CAx systems  |2 eng 
650 4 |a CAD model  |2 eng 
650 4 |a component designing  |2 eng 
650 4 |a Fusion 360  |2 eng 
650 4 |a piston rod  |2 eng 
700 1 |a Buranský, Ivan  |u 063000  |k Z1  |4 ths  |U MTF Materiálovotechnologická fakulta  |T MTF Ústav výrobných technológií  |X 4587  |U M3000  |Y 83  |7 A000004587 
856 4 |u http://is.stuba.sk/zp/portal_zp.pl?podrobnosti=148272 
996 |c M* BP-9083  |l MMSKP  |s P  |a 0  |w stuzp84914_0001